[Event "Dortmund 44th"]
[Site "Dortmund"]
[Date "2016.07.10"]
[Round "2"]
[White "Buhmann, Rainer"]
[Black "Dominguez Perez, Leinier"]
[Result "1/2-1/2"]
[WhiteElo "2653"]
[BlackElo "2713"]
[Annotator "Bronznik,V"]
[PlyCount "153"]
[EventDate "2016.07.09"]
[EventType "tourn"]
[EventRounds "7"]
[EventCountry "GER"]
[EventCategory "20"]
[SourceTitle "CBM 174"]
[Source "ChessBase"]
[SourceDate "2016.09.13"]
[SourceVersion "1"]
[SourceVersionDate "2016.09.13"]
[SourceQuality "1"]

1. Nf3 Nf6 2. c4 g6 3. Nc3 Bg7 4. e4 d6 5. d4 O-O 6. Be2 e5 7. O-O (7. dxe5
dxe5 8. Qxd8 Rxd8 9. Bg5 {wäre die "normale" Abtauschvariante.}) 7... Nc6 8.
dxe5 dxe5 9. Bg5 {Eine Modifikation der Abtauschvariante (öfters tauscht Weiß
die Bauern auf e5 und dann sofort auch die Damen auf d8 einen Zug früher und
behält dann die Möglichkeit, lang zu rochieren), die keinesfalls ohne Gift ist
und in der letzten Zeit immer mehr an Beliebtheit gewinnt. Die Idee dieser
Verzögerung besteht darin, dass bei dem Springer auf c6 dem Schwarzen die
wichtige Ressource c7-c6 nicht zur Verfügung steht.} (9. Qxd8 Rxd8 10. Bg5 Rf8
11. Rfd1 {führt mit einem Zug Verschiebung zur Partieposition.}) 9... Qxd1 ({
Eine beachtenswerte Alternative ist} 9... Bg4 $5 {, z.B.} 10. Qxd8 Nxd8 11.
Bxf6 Bxf6 12. Nd5 Kg7 13. Nxc7 Rc8 14. Nd5 Bxf3 15. gxf3 Ne6 16. Kg2 Nf4+ 17.
Nxf4 exf4 18. Rfd1 Rfd8 19. Rd5 Rxd5 20. exd5 b6 {, und in der Partie L'Ami,E 
(2623) - Radjabov,T (2739)/ EU-chT Reykjavik 2015 erwies sich das
Remispotential der ungleichen Läufer als stark genug - trotz des weißen
Mehrbauern endete der Kampf nach einigen weiteren Zügen friedlich.}) 10. Rfxd1
Be6 ({In der Regel spielt man hier} 10... Bg4 {, aber die Stellung nach} 11. h3
Bxf3 12. Bxf3 Nd4 13. Nd5 Nxd5 14. cxd5 {[%cal Ya1c1] scheint für Schwarz
etwas unangenehm zu sein, z. B.} c6 (14... f5 15. Rac1 Rf7 16. Kf1 Nxf3 17.
gxf3 Bf8 18. Be3 Bd6 19. Rd3 {Ernst,S (2555) - Heberla,B (2567)/BL 2014 - Weiß
hat etwas Initiative, aber nicht mehr als das}) 15. Rac1 cxd5 16. exd5 e4 17.
Be3 exf3 18. Bxd4 Bxd4 19. Rxd4 Rac8 20. Rxc8 Rxc8 21. g4 {, und Schwarz muss
noch eine gewisse Genauigkeit zeigen, um sich in diesem Turmendspiel zu
behaupten, was ihm in der Partie Ragger,M (2695) - Saric,I (2678)/BL 2016
nicht gelang.}) ({Einen guten Eindruck macht} 10... h6 $5 {(was auch im Buch
"Kotronias on the King's Indian. Classical Systems" empfohlen wurde), z.B.:}
11. Be3 (11. Bh4 {ist nicht zu empfehlen wegen} Be6 12. Nd5 g5 $1 13. Bg3 Nxe4
14. Nxc7 Rad8 15. Nxe6 fxe6 $44 {Kotronias}) 11... Kh7 {(überdeckt den Bauern
h6, somit wird jetzt im Falle Nc3-d5 der Zug Nd5xf6 mit keinem Bauerngewinn
mehr verbunden)} (11... b6 {/\ Bc8-b7, ist für Schwarz laut Kotronias auch
absolut in Ordnung)}) 12. h3 (12. b4 {(Gavasheli,A (2160) - Szczepkowska,K 
(2336)/Tbilisi 2011)} Nxb4 $1 13. Bc5 Nc6 14. Bxf8 Bxf8 $44 {Kotronias}) 12...
Be6 13. b4 (13. Nd5 Rac8 $11 {Michna,M (2383) - Ohme,M (2322)/BL 2012}) 13...
a6 (13... Nxb4 $5 14. Bc5 Na6 $5 15. Bxf8 Rxf8 $44 16. Nxe5 $140 $4 Nh5 $19)
14. a3 Rfd8 15. Rac1 Ne8 16. Nd5 Rd7 17. g4 Rad8 $132 {[%cal Yc6d4,Yf7f5,Yc6e7,
Ye8d6] Weetik,V (2407) - Korotlylev,A( 2606)/Voronezh 2008}) 11. Nd5 Nxe4 (
11... Ne8 $2 12. Ne7+ $16) 12. Nxc7 Bg4 $6 $146 {Eine Neuerung, die vermutlich
am Brett gefunden wurde.} (12... Rac8 13. Nxe6 fxe6 14. Be3 $14 {(Ernst,S 
(2474) - Nijboer,F (2577)/Groningen 2003) - die weiße Kompensation für den
Bauern ist mehr als ausreichend. Aber ich habe Eindruck, dass Dominguezes
Entscheidung zu noch größeren Problemen führt.}) 13. Nxa8 Nxg5 14. Nc7 e4 15.
Nxg5 Bxe2 16. Re1 $6 ({Stärker ist} 16. Rd2 Bd3 (16... Bxc4 $2 17. Nxe4 $18 {
[%cal Re4d6]}) 17. Re1 Bxc4 18. Nxe4 Bxa2 19. Ra1 Rc8 (19... Bb3 20. Ra3) 20.
Nb5 Bb3 21. Nbd6 (21. h3 $5) 21... Rc7 22. Ra3 Nd4 23. f4 a6 24. Ne8 Rc4 25.
N4f6+ Bxf6 26. Nxf6+ Kg7 27. Ng4 {mit beträchtlichen Gewinnaussichten.}) 16...
Bxc4 17. Rxe4 ({Auch nach} 17. Nxe4 Be5 18. Rac1 Bxa2 19. Nb5 a6 20. Nbc3 Be6
21. Nc5 Bc8 {scheint die schwarze Stellung haltbar zu sein.}) 17... Bd3 $6 {
Vielleicht verdient dieser Zug sogar ein Fragezeichen.} ({Wie dem auch sei,
nach} 17... b5 {nebst 18...Bxb2 wäre Schwarz außer Gefahr, während jetzt
Anziehende wieder gute Gewinnchancen bekommt.}) 18. Re8 Rxe8 (18... b5 $2 19.
Rd1 Bc2 20. Rd6 Ne5 21. Rxf8+ Bxf8 22. Rd8 $18 {[%cal Rg5h7,Rc7b5,Rc7e6,Rg5e6]}
) (18... h6 $5) 19. Nxe8 Bxb2 20. Rd1 Bc4 21. Nd6 (21. a4 $5) 21... Bxa2 22.
Nxb7 Nb4 23. Rd7 Bd5 (23... h6 $5) 24. Nd6 (24. Nc5 $5 a5 $140 25. Nd3 $1)
24... a5 25. Ra7 Nc6 26. Ra6 Bd4 27. Nb5 Be5 28. Na7 Nd4 (28... Nxa7 $2 29.
Rxa5 $1 $18) 29. Rxa5 Ne2+ 30. Kh1 Nf4 31. f3 {Es ist für mich schwer zu sagen,
ob dieses Endspiel dem Unentschieden oder dem weißen Gewinn näher ist, aber
dass die schwarze Lage alles andere als angenehm ist, sit offensichtlich. Beim
weiteren Verlauf ist Buhmann jedoch nicht gelungen, die schwarze Festung
einzunehmen.} Bc7 32. Ra3 Bd6 33. Rc3 Bb4 34. Rc8+ Kg7 35. Nc6 Bc5 36. Ne5 Bd4
37. Nc6 Bc5 38. Ne4 Bxe4 39. fxe4 Nd3 40. e5 Nf2+ 41. Kg1 Ng4+ 42. Kf1 Nxh2+
43. Ke2 Ng4 44. Kf3 h5 45. Rc7 Kg8 46. Ke4 Bg1 47. Rb7 Bh2 48. Rb3 h4 49. Rb5
Bg3 50. Kf3 Nh2+ 51. Ke4 Ng4 52. Rb7 Nf2+ 53. Ke3 Ng4+ 54. Kd4 Kf8 55. Rb3 Kg7
56. Kd5 Kf8 57. Ra3 Kg8 58. Ke4 Kg7 59. Ra7 Kg8 60. Rd7 Kf8 61. Ra7 Kg8 62. e6
fxe6 63. Ne7+ Kf7 64. Nd5+ Kg8 65. Nf4 Nf6+ 66. Kf3 g5 67. Nxe6 g4+ 68. Ke2 Be5
69. Rg7+ Kh8 70. Rg5 h3 71. gxh3 gxh3 72. Kf3 h2 73. Kg2 Bd6 74. Rg6 Ne4 75.
Nd4 Kh7 76. Rxd6 Nxd6 77. Kxh2 1/2-1/2

[Event "EU-ch 18th"]
[Site "Minsk"]
[Date "2017.06.08"]
[Round "9"]
[White "Erdos, Viktor"]
[Black "Mamedov, Rauf"]
[Result "1-0"]
[WhiteElo "2614"]
[BlackElo "2689"]
[Annotator "Bronznik,V"]
[PlyCount "77"]
[EventDate "2017.05.30"]
[EventType "swiss"]
[EventRounds "11"]
[EventCountry "BLR"]
[SourceTitle "CBM 179"]
[Source "ChessBase"]
[SourceDate "2017.07.12"]
[SourceVersion "1"]
[SourceVersionDate "2017.07.12"]
[SourceQuality "1"]

1. d4 Nf6 2. c4 g6 3. Nc3 Bg7 4. e4 d6 5. Nf3 O-O 6. Be2 e5 7. O-O Nc6 8. d5
Ne7 9. Bg5 h6 ({In seinem Buch "Kotronias on the King's Indian" empfiehlt GM
Kotronias} 9... Nh5 {(mit der Idee Nh5-f4), und wenn} 10. g3 {, dann} h6 11.
Bd2 Bh3 12. Re1 f5 {mit kompliziertem Spiel. Auch GM Kornev plädiert in
seinem Werk "A practical Repertoire with Nf6, g6, d6" für diese Option.}) 10.
Bxf6 Bxf6 {Weiß hat seinen guten Läufer abgetauscht, andererseits hat er
dafür den Springer beseitigt, der später mit großer Wahrscheinlichkeit zu
einer gefährlichen Angriffsfigur werden könnte.} 11. b4 a5 ({Viel öfter
spielt man} 11... Bg7 {ohne a7-a5.}) ({Eine weitere verbreitetere Möglichkeit
ist} 11... Kg7 12. c5 Ng8 {/\Bf6-e7, f7-f5}) 12. a3 Bg7 {Schwarz hofft, dass
im Vergleich zur Variante 11...Bg7 die Möglichkeit des Tausches auf b4 ihn
begünstigen wird - z.B. könnte es unter Umständen Sinn haben, mittels a5xb4
nebst Ra8xa1 die gegnerische Dame von der Verteidigung des Königsflügels
abzulenken (natürlich müssen dann alle dafür und dagegen sorgfältig
uberlegt werden, weil sich die Lage der weißen Dame auf der offenen a-Linie
als sehr aktiv erweisen kann) oder in den Varianten mit Ra1-c1 wird der Ra8
dank des Tausches a5xb4, a3xb4 auf einer offenen Linie stehen. Aber es kann
auch passieren, dass die Züge a7-a5, a2-a3 und die daraus entstandene
Spannung den weißen Angriff am Damenflügel leichter entwickeln lässt.} 13.
c5 ({Eine Alternative ist} 13. Nd2 {, um die Möglichkeit zu haben,} f5 {mit}
14. f3 {zu beantworten.}) 13... f5 14. Bd3 {Die Idee dieses Zuges besteht
darin, im Falle des Tausches auf e4 mit dem Läufer zurückzunehmen.} ({
Eine andere Option} 14. Nd2 {, was Schwarz mit} fxe4 15. Ndxe4 Nf5 {[%cal
Yf5d4,Yc8f5,Yd8h4] beantworten kann - m. E. hat hier den Anziehende nichts
besonderes.}) 14... Kh8 {In der Regel verbindet man diesen Zug in solchen
Stellungen mit der Idee Ne7-g8-(f6) oder c7-c6.} ({Nach} 14... f4 15. Nd2 g5 {
ist die Antwort} 16. Nb5 $5 {ziemlich unangenehm} ({im Falle von} 16. Be2 {
(wären Züge a7-a5 und a2-a3 nicht gemacht worden, hätte Weiß mit dieser
Fortsetzung den gegnerischen Königsangriff spürbar erschwert oder gar
verhindert)} {folgt} axb4 $1 17. axb4 Rxa1 18. Qxa1 g4 $132) {, z. B.} 16... g4
17. cxd6 cxd6 18. Nc4 Rf6 19. bxa5 {[%csl Rd6][%cal Rd1b3,Rb3b4,Rc4b6] - die
weiße Aktivität am Damenflügel scheint gefährlicher zu sein, als die
gegnerische am anderen Teil des Brettes.}) (14... fxe4 15. Bxe4 {[%csl Ge4]
[%cal Yf3d2,Yd2c4,Yc3b5]} Nf5 16. Qd3 $14 {Piza Cortizo,D (2295) - Garcia
Luque,A (2370)/Valencia 1990}) 15. Rc1 ({Das typische} 15. Nd2 {(mit der Idee
Nd2-c4) verspricht in diesem Fall keinen Vorteil wegen} axb4 ({interessant ist
auch das unverzügliche} 15... c6 $5 {, z. B.} 16. cxd6 Nxd5 17. exd5 e4 18.
Bxe4 axb4 19. axb4 Rxa1 20. Qxa1 fxe4 21. dxc6 Qxd6 22. cxb7 Bxb7 23. Ncxe4
Qxb4 24. Rb1 Bxa1 25. Rxb4 Bd5 {mit remislichem Endspiel}) 16. axb4 Rxa1 17.
Qxa1 fxe4 18. Bxe4 (18. Bc4 c6 $1 19. cxd6 Nxd5 20. Ncxe4 Nxb4 $13) 18... c6 $1
19. dxc6 bxc6 20. cxd6 Qxd6 21. Qb2 Be6 {mit ungefährem Ausgleich.}) (15. Qb3
c6 $1 $13) 15... axb4 $1 $146 (15... fxe4 16. Bxe4 $14 {[%csl Ge4] Berczes,D 
(2461) - Zhao, N (2284), Acri 2006}) 16. axb4 Bd7 $6 ({Logisch und stark wäre
} 16... c6 $1 {, z. B.} 17. dxc6 (17. Bc4 dxc5 (17... cxd5 18. exd5 dxc5 19.
bxc5 Ra5 $13) 18. d6 cxb4 19. dxe7 Qxe7 20. Nb1 fxe4 21. Nfd2 e3 $1 22. fxe3
Bf5 {- die Position ist kompliziert, aber Schwarz steht mindestens nicht
schlechter}) (17. cxd6 $6 Qxd6 18. dxc6 Nxc6 $1 $36) 17... Nxc6 (17... bxc6 $13
) 18. Nb5 dxc5 (18... d5 $5 19. exd5 Nxb4 20. Bc4 e4 21. Nfd4 $13) 19. bxc5 b6
$11) 17. Nd2 f4 (17... fxe4 18. Bxe4 $14 {[%csl Ge4]}) 18. Nb5 (18. Be2 $5 {
[%cal Re2g4]} h5 $1 $132 {[%cal Yd8e8,Ye7g8,Yg8f6,Yg6g5] (/\Ne7-g8, Qd8-e8,
g6-g5)} (18... Ng8 $143 $6 19. Bg4 {mit klarem Vorteil})) (18. Ra1 $5) 18...
Rf6 ({In Betracht kam der unverzügliche Abtausch des lästigen Springers:} 
18... Bxb5 19. Bxb5 {[%csl Gb5,Re7,Rg7] Obwohl danach die Initiative eindeutig
dem Anziehenden gehören würde (ohne den weißfeldrigen Läufer kann Schwarz
kaum hoffen, am Königsflügel etwas gefährliches zu unternehmen) wäre die
schwarze Stellung villeicht weniger unangenehm, als bei der Partiefortsetzung.}
) (18... g5 19. cxd6 (19. Be2 $6 g4 $1 20. cxd6 cxd6 $132 21. Nxd6 $140 $2 Ba4)
19... cxd6 20. Nc7 (20. Nxd6 $2 Ba4 $17) 20... Rc8 21. Ne6 Rxc1 22. Qxc1 Bxe6
23. dxe6 $14) 19. Qb3 (19. Qc2 $5 {[%cal Rc5d6,Rc2c7]}) 19... g5 20. cxd6 cxd6
21. Nc7 Rc8 22. Ne6 Bxe6 23. dxe6 {[%csl Rd6]} g4 $2 (23... Nc6 $142 $14 {
[%cal Yc6d4]}) 24. Bb5 Rxc1 (24... Nc6 25. Qd5 Qe8 (25... Nxb4 $4 26. Qxb7 $4)
26. Nc4 Qxe6 27. Nb6 Rb8 28. Qxe6 Rxe6 29. Bxc6 bxc6 30. Rxc6 $16) 25. Rxc1 $16
g3 26. hxg3 fxg3 27. Qxg3 Rxe6 28. Qh3 Rf6 29. Qd7 $1 Qxd7 30. Bxd7 d5 31. Rc7
b6 32. b5 Bf8 33. Kf1 Rd6 34. Bc6 dxe4 35. Nc4 Rd1+ 36. Ke2 Rb1 37. Nxe5 Rb2+
38. Ke3 Rb4 $2 (38... Kg7 39. Rb7 $16) 39. Rxe7 1-0

[Event "Geneva FIDE GP"]
[Site "Geneva"]
[Date "2017.07.15"]
[Round "9"]
[White "Aronian, Levon"]
[Black "Salem, AR Saleh"]
[Result "1-0"]
[WhiteElo "2809"]
[BlackElo "2638"]
[Annotator "Bronznik,V"]
[PlyCount "119"]
[EventDate "2017.07.06"]
[EventType "swiss"]
[EventRounds "9"]
[EventCountry "SUI"]
[SourceTitle "CBM 180"]
[Source "ChessBase"]
[SourceDate "2017.09.13"]
[SourceVersion "1"]
[SourceVersionDate "2017.09.13"]
[SourceQuality "1"]

1. Nf3 Nf6 2. c4 g6 3. Nc3 Bg7 4. e4 d6 5. d4 O-O 6. Be2 e5 7. O-O Nc6 8. d5
Ne7 9. Bd2 {Diese Fortsetzung kommt unvergleichbar seltener vor, als
Hauptzüge 9.Ne1, 9.Nd2 und 9.b4, ist aber keinesfalls ohne Gift.} ({Im
Unterschied zum verbreiteten Abspiel} 9. Ne1 Nd7 10. Nd3 f5 11. Bd2 Nf6 12. f3
f4 13. c5 g5 14. Rc1 {fängt Aronian mit der Mobilisation seiner Kräfte am
Damenflügel an. Die Idee dieser Zugfolge besteht darin, dass solange der
weiße Springer auf f3 steht, kann f7-f5 mit Nf3-g5 (/\Ng5-e6) beantwortet
werden - es sei denn, der Gegner investiert Zeit in prophylaktische Maßnahmen.
}) 9... Nd7 {Vielleicht wäre es etwas anmaßend, diese Fortsetzung als
zweifelhaft zu bewerten, aber meiner Meinung nach lässt sie dem Weißen mehr
Hoffnungen auf einen Eröffnungsvorteil, als zwei andere Springerzüge:} (9...
Ne8 {- im Unterschied zu 9...Nd7 wird der Bc8 nicht verstellt, was für die
Varianten mit f7-f5, Nf3-g5 wichtig ist. Z. B.:} 10. Rc1 (10. Ne1 f5 11. Nd3
Nf6 {würde das Spiel in das oben genannte System 9.Ne1 überleiten} ({
außerdem muss Weiß mit} 11... fxe4 $5 {rechnen, z. B.} 12. Nxe4 c6 13. Qb3
Kh8 14. f4 b5 $1 $13 {Sosonko,G (2535) - Nijboer, F (2505)/Eindhoven 1993}))
10... f5 11. exf5 ({oder} 11. Ng5 h6 12. Ne6 Bxe6 13. dxe6 c6 14. Qb3 {(Borik,
O (2390) - McCarthy,B (2200)/Berlin 1980)} Nc7 $1 $13 (14... Qc8)) 11... gxf5
12. Ng5 (12. g3) 12... h6 {(mit dem Springer auf d7 statt e8 würde dieser Zug
natürlich nicht gehen)} 13. Ne6 Bxe6 14. dxe6 Qc8 15. Qb3 c6 $13 {Taimanov,M 
(2620) - Fischer,T (2740)/Vancouver 1971}) (9... Nh5 {- Schwarz nützt aus,
dass das Feld h5 dem Springer zugänglich geblieben ist und beabsichtigt jetzt
nicht nur f7-f5, sondern verfügt auch über die Idee Nh5-f4. Z. B.} 10. Rc1 (
10. g3 {wird in der Regel mit} f5 {beantwortet - leider sind die
dazugehörigen Varianten zu umfangreich und kompliziert, um sie hier anzugeben}
) 10... h6 $5 ({die Praxis hat gezeigt, dass auf das unverzügliche} 10... Nf4
$6 {die Reaktion} 11. Bxf4 exf4 12. Qd2 {unangenehm ist}) 11. Re1 Nf4 12. Bf1 (
12. Bxf4 $6 exf4 13. Qd2 $140 g5) 12... g5 13. h4 $5 g4 14. Nh2 f5 $13 {
Lima, D (2420) - Vescovi, G (2490)/Rio de Janeiro 1997}) 10. Rc1 h6 $6 {
Salem trifft die Entscheidung, vor f7-f5 dem Nf3 das Feld g5 zu verbieten,
aber das kostet ihn Zeit - m.E. kann man an dieser Stelle das weiße
Eröffnungskonzept eindeutig als gelungen betrachten.} ({Kritisch ist} 10... f5
{, was in dieser Stellung öfter gespielt wurde. Aber ich habe Eindruck, dass
es für Schwarz auch dann nicht so leicht ist, ausreichendes Gegenspiel zu
bekommen. Zum Beispiel:} 11. exf5 $5 (11. Ng5) 11... Nxf5 (11... gxf5 12. Ng5
Nf6 13. Qb3 c6 (13... h6 $2 14. Ne6 Bxe6 15. dxe6 $16 Qc8 $140 16. Nd5) 14.
Rfd1 $36 {Constantinou,A (2387) - Mutter,V (2475)/corr 1989}) 12. Ne4 Nf6 13.
Bg5 h6 14. Bxf6 Bxf6 15. c5 $36 {Finegold,B (2497) - Felecan,F (2409)/Chicago
2009}) 11. Ne1 {Erst jetzt begibt sich der Springer nach d3.} f5 12. Nd3 {
Weiß hat den für die Linie 9.Ne1 typischen Aufbau erreicht (nur mit der
veränderten Zugfolge), während Schwarz vor der schwierigen Aufgabe steht, zu
bewesien, dass der Zug h7-h6 in dieser Position für etwas nützlich ist.} fxe4
({Viel öfter setzt Schwarz in Stellungen dieser Art auf Bauernstrurm am
Königsflügel, aber hier würde die Fortsetzung} 12... Nf6 13. f3 f4 14. c5 g5
{bedeuten, dass h7-h6 reine Zeitverschwendung war.}) 13. Nxe4 {Ohne Ra1-c1 und
h7-h6 wäre vor uns eine bekannte theoretische Position, die nach 9.Ne1 (statt
des Partiezuges 9.Bd2) 9...Nd7 10.Nd3 f5 11.Bd2 fxe4 13.Nxe4 entsteht und von
der Theorie als etwas besser für Weiß eingeschätzt wird. Das Einfließen
dieser zwei Züge begünstigt eindeutig den Weißen: sein Turm steht auf c1
angesichts der Option c4-c5 klar besser als auf a1 , während die Lage des
schwarzen h-Bauern auf h6, auch wenn sie nicht ganz nutzlos ist (dem
Anziehenden steht die Option Bd2-g5 nicht mehr zur Verfügung), bedeutende
Nachteile hat - die Bauern g6 und h6 können sich als anfällig erweisen (wie
es später in der Partie auch geschah).} Nf5 (13... Nf6 14. Nxf6+ Rxf6 15. f3
Nf5 16. Nf2 $14) 14. f3 {[%cal Yd3f2,Yf2e4] Eine typische Idee - weil der Ne4
bald abgetauscht wird, muss der andere Springer das Feld e4 besetzen.} (14. c5
$6 Nf6 15. Nxf6+ Qxf6 16. f3 Qf7 17. Nf2 (17. cxd6 cxd6 18. Nf2 b6 $132 {
[%cal Rc8b7]}) 17... dxc5 18. Rxc5 b6 19. Rc3 Bb7 $13) 14... Nf6 15. Ndf2 Nd4
16. Nxf6+ Qxf6 17. Bd3 Bf5 18. Ne4 Qe7 19. Be3 Rae8 $146 ({Auf} 19... Kh7 {
(Balashov,Y (2560) - Friedman,S (2200)/Graz 2002)} {kann Weiß analog unserer
Hauptpartie} 20. Qd2 $14 {spielen} ({oder sofort} 20. Ng3 $14) ({Beachtung
verdient auch} 20. c5 $5 $36)) 20. Qd2 (20. c5 $5) 20... Rf7 {Salem ist bereit,
den Bauern h6 zu geben, um die h-Linie zu öffnen.} 21. Rce1 ({Zumindest aus
praktischer Sicht lohnte es sich für Weiß nicht, sich auf die Möglichkeit} 
21. Bxh6 Bxh6 22. Qxh6 {einzulassen - nach} Rh7 {bekäme Schwarz für den
geopferten Bauern lästige Aktivität am Königsflügel.}) ({Eine interessante
Alternative war} 21. Rfe1 $5 Qf8 22. c5 {, aber wie wir gleich sehen werden,
hat Aronian einen anderen Plan in Sicht, als das Öffnen der Linien am
Damenflügel.}) 21... Qf8 22. Bxd4 $5 (22. Ng3 Bxd3 23. Qxd3 Nf5 $14) 22...
exd4 23. Ng3 $1 Rxe1 24. Rxe1 Bxd3 {Es zeigt sich der Nachteil von h7-h6 - bei
dem Bauern auf h7 hätte Schwarz diesem für ihn ungünstigen Abtausch aus dem
Weg gehen können.} 25. Qxd3 Re7 26. Rxe7 Qxe7 27. Ne2 {Jetzt ist die Idee von
Aronian endgültig klar. Weiß hat ein Endspiel erreicht, in dem sein Springer
dem gegnerischen Läufer klar überlegen ist, während sich der Pd4 als
schutzbedürftig erweist. Sehr wichtig ist dabei, dass Damentausch in vielen
Stellungen dem Verlust dieses Bauern und der ganzen Partie gleichbedeutend
sein wird. Wie wir gleich sehen werden, löst c7-c6 (bzw. c7-c5) die schwarzen
Probleme auch nicht. Es ist schwer zu sagen, ob Schwarz diese Stellung bei der
besten Verteidigung retten kann (wenn nicht, dann müssen wir vielleicht dem
Zug 10...h6 statt "?!" ein Fragezeichen geben, weil alles, was danach
passierte, scheint recht logisch zu sein), aber eins ist klar: das Endspiel
ist für ihn extrem unangehnem und zumindest am Brett ist es in jedem Fall
kaum zu halten.} c6 (27... c5 $144 28. dxc6) ({Äußerst schwierig ist die
Aufgabe des Nachziehenden auch im Falle von} 27... Qe5 28. g3 {[%cal Re2f4]} g5
29. Kg2 {- seine weißen Felder am Königsflügel sind sehr schwach, f3-f4
hängt in der Luft.}) 28. dxc6 bxc6 29. b3 ({Unvorsichtig wäre} 29. b4 $2 {
[%cal Rb4b5] (mit der Idee, am Damenflügel einen Freibauern zu bilden)} c5 (
29... d5 $5) 30. b5 (30. a3 d5 $11) 30... d5 $1 31. cxd5 $140 $2 c4 $1 32. Qxc4
Qe3+ 33. Kf1 d3 $19) 29... Kf7 (29... c5 {würde den Bauern d4 überdecken,
dafür aber die Kontrolle über das Feld d5 aufgeben. Ein möglicher Verlauf
wäre dann} 30. Kf1 {[%cal Re2f4]} Qf7 (30... Qe5 31. g3 {[%csl Rd5,Rg6][%cal
Re2f4]} g5 {sieht für Schwarz mehr als verdächtig aus, weil es seine weißen
Felder noch mehr schwächen würde}) 31. Qe4 Be5 32. g3 Kg7 33. Nc1 Bf6 34. Nd3
{mit mehreren Ideen je nach Situation: Nd3-f4-d5, Nd3-f2-e4, Qe4-d5, a2-a3
nebst b3-b4. Vielleicht kann ein Computer die schwarze Stellung noch halten,
aber für einen Menschen ist es fast eine Sache der Unmöglichkeit.}) 30. g3
Qe3+ $4 {Es ist wirklich schwer zu verstehen, was einen starken Großmeister
zu einer solchen Entscheidung bewegte. Nach dem Damentausch verliert Schwarz
zwingend einen Bauern und damit auch die Partie.} ({Stattdessen hätte er den
Bauern d4 einfach decken müssen, aber angesichts des Plans b3-b4, a2-a4,
b4-b5 usw. bliebe die schwarze Stellung schwer genug, z.B.} 30... Qf6 31. Kg2
h5 32. b4 {mit guten Gewinnchancen.}) 31. Qxe3 dxe3 32. Nf4 $18 h5 33. Kf1 Bh6
34. Nd3 Ke6 35. Nb4 Kd7 36. Ke2 a5 37. Nc2 Ke6 38. Nd4+ Kd7 39. f4 Bg7 40. Kxe3
d5 41. cxd5 cxd5 42. h3 Bf6 43. g4 hxg4 44. hxg4 g5 45. f5 Kd6 46. Ne6 Be7 47.
Kd4 Bf6+ 48. Kd3 Be7 49. Nd4 Bf6 50. a3 Kc5 51. Ne6+ Kb5 52. Nf8 Be7 53. Nh7
Bxa3 54. Nxg5 Kb4 55. Ne6 Kxb3 56. f6 a4 57. g5 Bf8 58. g6 a3 59. Nd4+ Kb2 60.
Nc2 1-0